000 00725nam a2200253 a 4500
001 42630
003 BD-RjUL
005 20211209053552.0
008 160614s1973 enka s 001 0 eng d
020 _a0081067489
035 _a(BD-RjUL)42748
040 _beng
_aBD-RjUL
_cBD-RjUL
041 _aeng
082 _223
_a328.42
_bBEB 1973
100 1 _aBerrington, Hugh.
_9131052
245 1 0 _aBackbench opinion in the House of Commons, 1945-55 /
_cHugh B. Berrington
250 _a1st ed.
260 _aOxford :
_bPergamon Press,
_c1973.
300 _ax, 265 p. :
_bill. ;
_c25 cm.
500 _aIncludes index.
650 _aHouse of Commons.
_zGreat Britain
_9131053
650 _aParliament.
_9131054
942 _2ddc
_cBK
999 _c42630
_d42630